Central Library OPAC University of Rajshahi

প্রবন্ধ-সংগ্রহ / (Record no. 48330)

MARC details
000 -LEADER
fixed length control field 00806nam a2200217 a 4500
001 - CONTROL NUMBER
control field 48330
003 - CONTROL NUMBER IDENTIFIER
rucl marc code BD-RjUL
005 - DATE AND TIME OF LATEST TRANSACTION
control field 20211209054513.0
008 - FIXED-LENGTH DATA ELEMENTS--GENERAL INFORMATION
fixed length control field 160813s1962 ii ||||| |||| 00| 0 ben d
035 ## - SYSTEM CONTROL NUMBER
System control number (BD-RjUL)48449
040 ## - CATALOGING SOURCE
Original cataloging agency BD-RjUL
Language of cataloging ben
Transcribing agency BD-RjUL
Modifying agency BD-RjUL
041 ## - LANGUAGE CODE
Language code of text/sound track or separate title ben
082 ## - DEWEY DECIMAL CLASSIFICATION NUMBER
Edition number 23
Classification number 891.444
Author mark and year TAP 1962
100 ## - MAIN ENTRY--PERSONAL NAME
Personal name ঠাকুর, বলেন্দ্রনাথ
9 (RLIN) 146299
245 10 - TITLE STATEMENT
Title প্রবন্ধ-সংগ্রহ /
Statement of responsibility, etc. বলেন্দ্রনাথ ঠাকুর,
260 ## - PUBLICATION, DISTRIBUTION, ETC. (IMPRINT)
Place of publication, distribution, etc. কলিকাতা :
Name of publisher, distributor, etc. জিজ্ঞাসা,
Date of publication, distribution, etc. ১৯৬২ (১৩৬৯)
300 ## - PHYSICAL DESCRIPTION
Pagination [৬৪], ৩৬২ পৃ. :
Illustrations চিত্র ;
Size ২৩ সেমি.
650 ## - SUBJECT ADDED ENTRY--TOPICAL TERM
Topical term or geographic name as entry element বাংলা প্রবন্ধ
9 (RLIN) 146300
Topical term or geographic name as entry element Bengali Essays
9 (RLIN) 146301
942 ## - ADDED ENTRY ELEMENTS (KOHA)
Source of classification or shelving scheme Dewey Decimal Classification
Koha item type Books
Holdings
Lost status Source of classification or shelving scheme Damaged status Not for loan Collection code Permanent Location Current Location Shelving location Date acquired Source of acquisition Cost, normal purchase price Total Checkouts Full call number Date last seen Copy number Koha item type
  Dewey Decimal Classification     Non-fiction Central Library, University of Rajshahi Central Library, University of Rajshahi   06/11/1974 Jonathan waren and com. 10.00   B 891.444 TAP 1962 13/08/2016 C-2 Books
  Dewey Decimal Classification     Non-fiction Central Library, University of Rajshahi Central Library, University of Rajshahi   08/02/1965 Ideal Library, Dhaka 8.44   B 891.444 TAP 1962 20/08/2016 C-3 Books
  Dewey Decimal Classification     Non-fiction Central Library, University of Rajshahi Central Library, University of Rajshahi   16/04/1964 K. L. Mukhapadhay 7.50   B 891.444 TAP 1962 20/08/2016 C-4 Books
  Dewey Decimal Classification     Non-fiction Central Library, University of Rajshahi Central Library, University of Rajshahi   01/06/1973 Uttar Bongo Library, Rajshahi 7.50   B 891.444 TAP 1962 20/08/2016 C-5 Books
  Dewey Decimal Classification     Non-fiction Central Library, University of Rajshahi Central Library, University of Rajshahi   01/06/1973 Uttar Bongo Library, Rajshahi 7.50   B 891.444 TAP 1962 20/08/2016 C-6 Books